Sikhs of the Punjab. (Record no. 348556)

000 -LEADER
fixed length control field 00373 a2200145 4500
082 ## - DEWEY DECIMAL CLASSIFICATION NUMBER
Classification number 301.4529460545
090 ## - LOCALLY ASSIGNED LC-TYPE CALL NUMBER (OCLC); LOCAL CALL NUMBER (RLIN)
-- 6181
-- 6181
100 ## - MAIN ENTRY--PERSONAL NAME
Personal name Khawaja,Sarfraz.
245 ## - TITLE STATEMENT
Title Sikhs of the Punjab.
Statement of responsibility, etc. Sarfraz Khawaja.
250 ## - EDITION STATEMENT
Edition statement 1st.
260 ## - PUBLICATION, DISTRIBUTION, ETC.
Place of publication, distribution, etc. Islamabad.
Name of publisher, distributor, etc. Modern Book Depot.
Date of publication, distribution, etc. 1985.
300 ## - PHYSICAL DESCRIPTION
Extent 183p.
500 ## - GENERAL NOTE
General note Paper cover.
942 ## - ADDED ENTRY ELEMENTS (KOHA)
Institution code [OBSOLETE] NBS
Koha item type Book
Call number prefix 301.4529460545 KHA
Holdings
Withdrawn status Lost status Damaged status Not for loan Permanent Location Current Location Date acquired Total Checkouts Full call number Barcode Date last seen Date last checked out Price effective from Koha item type
        Central Library (CL) Central Library (CL) 08/28/2013 1 301.4529460545 KHA NBSD-1749 11/22/2017 07/20/2017 08/28/2013 Book
© 2023 Central Library, National University of Sciences and Technology. All Rights Reserved.